[Event "International Tournament "]
[Site "Pool "]
[Date "2022.07.08"]
[Round "1.37"]
[White "Erdogmus, Yagiz Kaan"]
[Black "Panda, Sambit"]
[Result "1-0"]
[WhiteElo "2373"]
[BlackElo "2123"]
[Annotator "Balkanchess"]
[PlyCount "86"]
[EventDate "2022.07.08"]

1. e4 c6 2. Nc3 d5 3. Nf3 dxe4 4. Nxe4 Nf6 5. Qe2 Nxe4 6. Qxe4 Be6 7. b3 Nd7 8.
Bb2 Nf6 9. Qe2 Bg4 10. g3 g6 11. Bxf6 Bxf3 12. Qxf3 exf6 13. O-O-O Ba3+ 14. Kb1
a5 15. c3 f5 16. h3 Bd6 17. d4 Qc7 18. g4 f4 19. Re1+ Kf8 20. h4 h5 21. gxh5
Rxh5 22. Be2 Qd7 23. Reg1 Re8 24. Qd3 Qf5 25. Qxf5 Rxf5 26. Bg4 Rd5 27. h5 Kg7
28. hxg6 fxg6 29. Bh5 Rh8 30. Rxg6+ Kf8 31. Bf3 Rxh1+ 32. Bxh1 Rh5 33. Bf3 Rh3
34. Bg2 Rh2 35. Rxd6 Rxg2 36. Rf6+ Ke7 37. Rxf4 Rg1+ 38. Kc2 Ra1 39. a4 Ke6 40.
Re4+ Kd6 41. Re5 b6 42. f4 Rg1 43. f5 Rg3 {...61} 1-0

[Event "International Tournament "]
[Site "Pool "]
[Date "2022.07.08"]
[Round "1.38"]
[White "Borgaonkar, Akshay"]
[Black "Pasti, Aron"]
[Result "1-0"]
[WhiteElo "2122"]
[BlackElo "2365"]
[PlyCount "77"]
[EventDate "2022.07.08"]

1. e4 e5 2. Nf3 Nc6 3. Bb5 a6 4. Ba4 Nf6 5. d3 b5 6. Bb3 Bc5 7. Nc3 d6 8. Nd5
h6 9. c3 O-O 10. Nxf6+ Qxf6 11. Bd5 Bd7 12. Rg1 Ne7 13. Bxa8 Rxa8 14. g4 Qe6
15. h4 d5 16. Qe2 Bc6 17. h5 f6 18. Nh4 dxe4 19. dxe4 Qc4 20. Nf5 Bxe4 21.
Qxc4+ bxc4 22. b4 Bxf5 23. gxf5 Bb6 24. Bxh6 Nxf5 25. Bxg7 Kf7 26. h6 Rg8 27.
Ke2 Nxg7 28. Rxg7+ Rxg7 29. hxg7 Kxg7 30. Rg1+ Kf7 31. Rg4 Ke6 32. Rxc4 Kd5 33.
Rh4 e4 34. f3 f5 35. fxe4+ fxe4 36. Kd2 Bf2 37. Rh5+ Kc4 38. Re5 e3+ 39. Kc2
1-0

[Event "International Tournament "]
[Site "Pool "]
[Date "2022.07.08"]
[Round "1.39"]
[White "Sapenov, Daniyal"]
[Black "Ozturk, Efe Hakan"]
[Result "1/2-1/2"]
[WhiteElo "2362"]
[BlackElo "2115"]
[PlyCount "71"]
[EventDate "2022.07.08"]

1. d4 Nf6 2. c4 e6 3. Nf3 d5 4. g3 Be7 5. Bg2 O-O 6. Nc3 dxc4 7. Ne5 c5 8. dxc5
Qc7 9. Nxc4 Bxc5 10. Qb3 Nc6 11. O-O Nd4 12. Qd1 e5 13. Bg5 Be6 14. Ne3 Rfd8
15. Qb1 Be7 16. Bxf6 Bxf6 17. Qe4 Rac8 18. Ned5 Bxd5 19. Nxd5 Qc2 20. Nxf6+
gxf6 21. Qxb7 Rc7 22. Qa6 Nxe2+ 23. Kh1 Kg7 24. b4 Rd2 25. Qa3 Qc3 26. Qxc3
Rxc3 27. a4 Rb3 28. b5 Nc3 29. Bc6 Rd4 30. Kg2 Rxa4 31. Rxa4 Nxa4 32. Ra1 Nc3
33. Rxa7 Nxb5 34. Rxf7+ Kxf7 35. Bd5+ Kg6 36. Bxb3 1/2-1/2

[Event "International Tournament "]
[Site "Pool "]
[Date "2022.07.08"]
[Round "1.40"]
[White "Aakash Sharadchandra, Dalvi"]
[Black "Kushagra, Mohan"]
[Result "1/2-1/2"]
[WhiteElo "2110"]
[BlackElo "2359"]
[PlyCount "126"]
[EventDate "2022.07.08"]

1. d4 f5 2. c4 Nf6 3. g3 g6 4. Bg2 Bg7 5. Nf3 O-O 6. O-O d6 7. Nc3 Qe8 8. d5
Na6 9. Nd4 Bd7 10. e4 fxe4 11. Nxe4 Nxe4 12. Bxe4 c6 13. Bg2 Nc7 14. dxc6 bxc6
15. Re1 Rb8 16. Nb3 Qf7 17. f4 Rbe8 18. Qc2 Bf5 19. Be4 Bxe4 20. Qxe4 d5 21.
cxd5 cxd5 22. Qc2 e5 23. fxe5 Rxe5 24. Be3 Ne6 25. Rf1 Rf5 26. Rxf5 gxf5 27.
Rf1 h5 28. Qg2 d4 29. Bd2 h4 30. gxh4 f4 31. Bb4 Rc8 32. Qg4 Kh8 33. Nc5 Rxc5
34. Bxc5 Nxc5 35. Rxf4 Qe8 36. Qf5 d3 37. Qxc5 d2 38. Rf1 Qg6+ 39. Qg5 Qe4 40.
Qd8+ Kh7 41. Qxd2 Bd4+ 42. Rf2 Qb1+ 43. Kg2 Qg6+ 44. Kf1 Qb1+ 45. Qe1 Qd3+ 46.
Qe2 Qb1+ 47. Kg2 Qg6+ 48. Kh1 Bxf2 49. Qxf2 Qe4+ 50. Kg1 Qb1+ 51. Kg2 Qxa2 52.
Qf5+ Kh6 53. Qf6+ Kh7 54. Kg3 Qg8+ 55. Kf4 Qb8+ 56. Qe5 Qb6 57. h5 Qf2+ 58. Ke4
Qe2+ 59. Kd5 Qb5+ 60. Ke6 Qe8+ 61. Kf6 Qh8+ 62. Kf5 Qc8+ 63. Qe6 Qc2+ 1/2-1/2

[Event "International Tournament "]
[Site "Pool "]
[Date "2022.07.08"]
[Round "1.41"]
[White "Mazi, Leon"]
[Black "Nikolic, Zoran S"]
[Result "1-0"]
[WhiteElo "2358"]
[BlackElo "2107"]
[PlyCount "52"]
[EventDate "2022.07.08"]

1. e4 e5 2. Nf3 Nc6 3. Bb5 a6 4. Bxc6 dxc6 5. O-O f6 6. d4 exd4 7. Nxd4 c5 8.
Ne2 Qxd1 9. Rxd1 Bd7 10. Nbc3 Bd6 11. Bf4 Bxf4 12. Nxf4 Ne7 13. Rd2 O-O-O 14.
Rad1 Nc6 15. f3 Rhe8 16. Nfd5 f5 17. Ne3 f4 18. Ned5 g5 19. Na4 b6 20. Naxb6+
cxb6 21. Nxb6+ Kc7 22. Nxd7 Re7 23. Nxc5 Rxd2 24. Rxd2 Re5 25. Na4 Na5 26. Rd5
Rxd5 1-0

[Event "International Tournament "]
[Site "Pool "]
[Date "2022.07.08"]
[Round "1.42"]
[White "Radosavljevic, Slobodan D"]
[Black "Ohanyan, Emin"]
[Result "0-1"]
[WhiteElo "2102"]
[BlackElo "2354"]
[PlyCount "76"]
[EventDate "2022.07.08"]

1. Nf3 c5 2. g3 g6 3. Bg2 Bg7 4. O-O e5 5. c4 Ne7 6. Nc3 O-O 7. d3 d6 8. Rb1
Nbc6 9. a3 f5 10. Bd2 a5 11. Ne1 Be6 12. Nc2 d5 13. cxd5 Nxd5 14. Ne3 Nb6 15.
b3 Rb8 16. Na4 Nxa4 17. bxa4 Nd4 18. Nc4 Bxc4 19. dxc4 e4 20. Bf4 Ra8 21. Rxb7
g5 22. Be3 Qc8 23. Rxg7+ Kxg7 24. Bxd4+ cxd4 25. Qxd4+ Rf6 26. Rb1 Qc7 27. g4
Rd8 28. Qe3 Qf4 29. Qxf4 gxf4 30. gxf5 Rd4 31. Rb5 Rd1+ 32. Bf1 f3 33. exf3
exf3 34. h3 Rfd6 35. Rd5 R6xd5 36. cxd5 Kf6 37. d6 Kxf5 38. d7 Kf4 0-1

[Event "International Tournament "]
[Site "Pool "]
[Date "2022.07.08"]
[Round "1.43"]
[White "Sharan, Rao"]
[Black "Bhattacharyya, Soham"]
[Result "1-0"]
[WhiteElo "2342"]
[BlackElo "2099"]
[PlyCount "99"]
[EventDate "2022.07.08"]

1. Nf3 Nf6 2. b3 g6 3. Bb2 Bg7 4. e3 O-O 5. Be2 d6 6. d4 e5 7. dxe5 Nfd7 8. O-O
dxe5 9. e4 Nc6 10. Bb5 Re8 11. Bxc6 bxc6 12. Qd2 Qf6 13. Qa5 Nb6 14. c4 Bg4 15.
Nbd2 Qf4 16. Rfe1 Rad8 17. Re3 Nd7 18. h3 Be6 19. Nf1 f6 20. Bc1 Qh6 21. Rd3 g5
22. Qxc7 Rc8 23. Qa5 Nf8 24. h4 Qg6 25. hxg5 Qxe4 26. Re3 Qc2 27. gxf6 Bxf6 28.
Ne1 Qd1 29. Bb2 Qd8 30. Qxd8 Bxd8 31. Nf3 Bb6 32. Rxe5 Ng6 33. Re4 Bf5 34.
Rxe8+ Rxe8 35. Bd4 Bg4 36. Bxb6 axb6 37. Re1 Ra8 38. Ne5 Re8 39. Nd3 Ra8 40.
Nb4 Kf7 41. Ne3 Bd7 42. Rd1 Ke7 43. Rd2 Rg8 44. f3 h5 45. Kf2 h4 46. a4 h3 47.
gxh3 Nf4 48. Ng4 Nxh3+ 49. Kg3 Ng5 50. Rxd7+ 1-0

[Event "International Tournament "]
[Site "Pool "]
[Date "2022.07.08"]
[Round "1.44"]
[White "Munkhzul, Davaakhuu"]
[Black "Isik, Alparslan"]
[Result "0-1"]
[WhiteElo "2095"]
[BlackElo "2341"]
[Annotator "Balkanchess"]
[PlyCount "72"]
[EventDate "2022.07.08"]

1. e4 c5 2. Nf3 d6 3. d4 cxd4 4. Nxd4 Nf6 5. Nc3 g6 6. Be3 a6 7. Nb3 Bg7 8. Be2
Nc6 9. Nd5 Nd7 10. c3 O-O 11. h4 e6 12. Nf4 Nf6 13. f3 d5 14. exd5 Nxd5 15.
Nxd5 exd5 16. Bg5 Qd6 17. O-O Re8 18. Qd2 Bf5 19. Rad1 h6 20. Bf4 Qe7 21. Rf2
Kh7 22. g4 Be6 23. h5 g5 24. Bg3 f5 25. Bd3 Kh8 26. gxf5 Bf7 27. Rh2 d4 28. Re2
Qf6 29. c4 Ne5 30. Bxe5 Rxe5 31. Rxe5 Qxe5 32. Qe2 Re8 33. Be4 Qg3+ 34. Qg2 Qf4
35. Qd2 Qc7 36. c5 Bxh5 {...63} 0-1

[Event "International Tournament "]
[Site "Pool "]
[Date "2022.07.08"]
[Round "1.45"]
[White "Rohith, Krishna S"]
[Black "Micic, Aleksa"]
[Result "1-0"]
[WhiteElo "2326"]
[BlackElo "2092"]
[PlyCount "55"]
[EventDate "2022.07.08"]

1. d4 Nf6 2. c4 g6 3. Nf3 Bg7 4. g3 c6 5. Bg2 O-O 6. O-O d5 7. Qb3 a5 8. cxd5
a4 9. Qa3 cxd5 10. Nc3 Nc6 11. Rd1 Ne4 12. Bf4 Qa5 13. Ne5 Nxc3 14. bxc3 Nxe5
15. Bxe5 Bxe5 16. dxe5 Be6 17. Rab1 Rac8 18. Rxb7 Rxc3 19. Qxe7 Rc2 20. Bf3
Rxa2 21. h4 Qd8 22. Qc5 Qc8 23. Rc7 Qa6 24. h5 a3 25. Kg2 Qa8 26. hxg6 hxg6 27.
Rh1 Kg7 28. Qe7 1-0

[Event "International Tournament "]
[Site "Pool "]
[Date "2022.07.08"]
[Round "1.46"]
[White "Kolbert, Engelbert"]
[Black "Pikula, Dejan"]
[Result "1/2-1/2"]
[WhiteElo "2084"]
[BlackElo "2325"]
[Annotator "Balkanchess"]
[PlyCount "49"]
[EventDate "2022.07.08"]

1. Nf3 d6 2. d4 Nd7 3. g3 c5 4. d5 b5 5. e4 a6 6. a4 bxa4 7. Rxa4 Ngf6 8. Nbd2
g6 9. b3 Bg7 10. Bb2 Nb6 11. Ra3 Bb7 12. Bd3 O-O 13. O-O Re8 14. Qa1 e6 15. c4
Nbd7 16. Re1 Rb8 17. Bc3 Bc8 18. Bb2 e5 19. Bc3 Nh5 20. Re2 Rf8 21. Qb1 Bh6 22.
Nf1 Ndf6 23. Ne3 Ng4 24. Bd2 Bd7 25. Kg2 {...55} 1/2-1/2

[Event "International Tournament "]
[Site "Pool "]
[Date "2022.07.08"]
[Round "1.47"]
[White "Lu, Miaoyi"]
[Black "Ahmad, Khagan"]
[Result "1/2-1/2"]
[WhiteElo "2322"]
[BlackElo "2081"]
[PlyCount "76"]
[EventDate "2022.07.08"]

1. e4 c5 2. Nf3 Nc6 3. Bb5 e6 4. O-O Nge7 5. c3 a6 6. Ba4 b5 7. Bc2 Bb7 8. Re1
d5 9. exd5 Nxd5 10. d4 Be7 11. a4 c4 12. Ne5 Nxe5 13. dxe5 Qc7 14. axb5 axb5
15. Rxa8+ Bxa8 16. Qg4 g6 17. Bh6 Bf8 18. Qh3 Bxh6 19. Qxh6 Qc5 20. Nd2 Qf8 21.
Qg5 Qe7 22. Qg3 O-O 23. Ne4 Bc6 24. h4 h5 25. Ra1 Kg7 26. Nd6 Ra8 27. Rxa8 Bxa8
28. Be4 Bc6 29. Kh2 Bd7 30. f4 Nc7 31. Bf3 Kf8 32. Ne4 Bc6 33. Nf6 Bxf3 34. Qg5
Qd8 35. Nh7+ Ke8 36. Nf6+ Kf8 37. Nh7+ Ke8 38. Nf6+ Kf8 1/2-1/2

[Event "International Tournament "]
[Site "Pool "]
[Date "2022.07.08"]
[Round "1.48"]
[White "Poupalos, Nikolaos"]
[Black "Jocev, Milan"]
[Result "1/2-1/2"]
[WhiteElo "2064"]
[BlackElo "2317"]
[PlyCount "58"]
[EventDate "2022.07.08"]

1. e4 e5 2. Nf3 Nc6 3. Bb5 a6 4. Ba4 Nf6 5. O-O Be7 6. Re1 b5 7. Bb3 O-O 8. c3
d5 9. exd5 Nxd5 10. d4 exd4 11. cxd4 Bf6 12. Nc3 Be6 13. h3 Na5 14. Bc2 Nxc3
15. bxc3 Nc4 16. Bf4 c5 17. Ne5 Nxe5 18. Bxe5 cxd4 19. cxd4 Bxe5 20. Rxe5 Qf6
21. Qe2 g6 22. Qe3 Rad8 23. Bb3 Bxb3 24. axb3 Rd6 25. Rd1 Re6 26. f4 Rd8 27. d5
Red6 28. Qe4 a5 29. Rd3 Ra8 1/2-1/2

[Event "International Tournament "]
[Site "Pool "]
[Date "2022.07.08"]
[Round "1.49"]
[White "Yordanov, Lachezar"]
[Black "Bogdanov, Artyom"]
[Result "1-0"]
[WhiteElo "2316"]
[BlackElo "2059"]
[PlyCount "83"]
[EventDate "2022.07.08"]

1. d4 Nf6 2. c4 e6 3. Nc3 Bb4 4. e3 O-O 5. Bd3 d5 6. a3 Bd6 7. c5 Be7 8. f4 b6
9. b4 a5 10. Bd2 c6 11. Nf3 Ba6 12. Bxa6 Rxa6 13. O-O Nbd7 14. Ne5 Nxe5 15.
fxe5 Nd7 16. Qg4 Bg5 17. b5 cxb5 18. c6 Be7 19. cxd7 Qxd7 20. Qe2 Rc8 21. Nxb5
Rc2 22. Nc3 Qc8 23. Qd3 Rb2 24. Na4 Rc2 25. Bc3 b5 26. Nc5 Bxc5 27. dxc5 Rxc3
28. Qxc3 Rc6 29. Rac1 Qa6 30. Qd4 g6 31. e4 Rc8 32. exd5 Rd8 33. d6 Qc6 34. Qf2
Rd7 35. Qf3 Qc8 36. c6 Ra7 37. c7 Qd7 38. c8=Q+ Kg7 39. Qf6+ Kh6 40. Qf8+ Kh5
41. Qh4+ Kxh4 42. Qh6+ 1-0

[Event "International Tournament "]
[Site "Pool "]
[Date "2022.07.08"]
[Round "1.50"]
[White "Ignat, Matei-Marius"]
[Black "Anand, Batsukh"]
[Result "0-1"]
[WhiteElo "2055"]
[BlackElo "2312"]
[PlyCount "104"]
[EventDate "2022.07.08"]

1. e4 c5 2. Nf3 e6 3. b3 a6 4. Bb2 Nc6 5. c4 d6 6. d4 cxd4 7. Nxd4 Bd7 8. Nc3
Nf6 9. Nxc6 Bxc6 10. Bd3 Be7 11. O-O O-O 12. Qe2 Nd7 13. Rfd1 Bf6 14. Bc2 Be5
15. Qe3 Qf6 16. g3 g5 17. b4 b5 18. cxb5 axb5 19. Rd2 Qg7 20. Bb3 Bf4 21. Qe2
Bxd2 22. Qxd2 Ne5 23. Qxd6 Rfd8 24. Qc5 Rac8 25. Nd1 Nd3 26. Bxg7 Nxc5 27. Bf6
Nxb3 28. axb3 Rd3 29. Bxg5 Bxe4 30. Be7 Rxb3 31. g4 Rb1 32. Rxb1 Bxb1 33. Ne3
Be4 34. h4 f5 35. gxf5 exf5 36. Bd6 Kf7 37. Kh2 Ke6 38. Bf4 Ra8 39. Bh6 Ra1 40.
Kg3 Rg1+ 41. Kf4 Rh1 42. Kg3 Kf7 43. f3 Bd3 44. Bf4 Ra1 45. Kf2 Rb1 46. Bd6 Kg6
47. Bf8 f4 48. Ng4 h5 49. Nh6 Rb2+ 50. Kg1 Be2 51. Kf2 Bc4+ 52. Kg1 Bd5 0-1

[Event "International Tournament "]
[Site "Pool "]
[Date "2022.07.08"]
[Round "1.51"]
[White "Taspinar, Yanki"]
[Black "Shoshin, Kirill"]
[Result "1/2-1/2"]
[WhiteElo "2311"]
[BlackElo "2055"]
[PlyCount "61"]
[EventDate "2022.07.08"]

1. d4 Nf6 2. c4 e6 3. Nf3 d5 4. Nc3 c6 5. e3 Nbd7 6. Qc2 b6 7. b3 Bb7 8. Be2
Bd6 9. Bb2 O-O 10. O-O Qc7 11. Rad1 Rad8 12. e4 dxe4 13. Nxe4 Nxe4 14. Qxe4 c5
15. Qh4 cxd4 16. Nxd4 Be5 17. Nb5 Qb8 18. Bxe5 Nxe5 19. Qg3 a6 20. Nc3 Bc6 21.
Rfe1 h6 22. Bf1 Rxd1 23. Rxd1 f5 24. f3 Rf6 25. Re1 f4 26. Qf2 Rf5 27. Ne4 Qd8
28. Qd2 Qh4 29. Qf2 Qd8 30. Qd2 Qh4 31. Qf2 1/2-1/2

[Event "International Tournament "]
[Site "Pool "]
[Date "2022.07.08"]
[Round "1.52"]
[White "Thrish, Karthik"]
[Black "Vishwa, Vasnawala"]
[Result "1/2-1/2"]
[WhiteElo "2055"]
[BlackElo "2305"]
[Annotator "Balkanchess"]
[PlyCount "69"]
[EventDate "2022.07.08"]

1. e4 e5 2. Nf3 Nc6 3. Bb5 a6 4. Ba4 Nf6 5. O-O Be7 6. Re1 b5 7. Bb3 d6 8. c3
O-O 9. h3 Nb8 10. d4 Nbd7 11. Bc2 Re8 12. b3 Bb7 13. Nbd2 Bf8 14. a4 g6 15. Bb2
Nh5 16. g3 Bg7 17. Bd3 c6 18. b4 Nb6 19. axb5 cxb5 20. d5 Qc7 21. Rc1 Bc8 22.
Bf1 Bd7 23. c4 bxc4 24. Nxc4 Nxc4 25. Rxc4 Qb6 26. Bc1 Bb5 27. Be3 Qb7 28. Rc3
Bxf1 29. Rxf1 f5 30. Rc6 f4 31. Bb6 fxg3 32. Nd2 gxf2+ 33. Rxf2 Nf4 34. Rf3 Qe7
35. Kh2 {...60} 1/2-1/2

[Event "International Tournament "]
[Site "Pool "]
[Date "2022.07.08"]
[Round "1.53"]
[White "Todorovic, Nenad I"]
[Black "Atanasov, Margarit"]
[Result "1-0"]
[WhiteElo "2302"]
[BlackElo "2043"]
[PlyCount "104"]
[EventDate "2022.07.08"]

1. e4 c5 2. Nf3 Nc6 3. d4 cxd4 4. Nxd4 Nf6 5. Nc3 e5 6. Ndb5 d6 7. Bg5 a6 8.
Na3 b5 9. Nd5 Be7 10. Bxf6 Bxf6 11. c4 b4 12. Nc2 a5 13. Qf3 Be6 14. Rd1 Bxd5
15. Rxd5 Ne7 16. Rb5 Nc6 17. Be2 O-O 18. O-O Rc8 19. Rd1 Nd4 20. Nxd4 exd4 21.
Qb3 Re8 22. Bd3 Rc5 23. f4 Qc7 24. g3 g6 25. Rd2 Bg7 26. Qa4 Rc8 27. Rc2 Bf6
28. Kg2 Qd8 29. Kg1 Qc7 30. Kg2 Qd8 31. Re2 Qc7 32. Qd1 Rb8 33. Rc2 Kg7 34. Re2
Re8 35. Re1 Kg8 36. Qf3 Kg7 37. Rf1 Rxb5 38. cxb5 Qb7 39. Rc1 Rc8 40. Qd1 Rc5
41. Rxc5 dxc5 42. Qf3 Bd8 43. e5 Qd7 44. Qc6 Qa7 45. Kf3 a4 46. Bc4 a3 47. b3
h5 48. Ke2 h4 49. g4 h3 50. f5 gxf5 51. gxf5 Qb8 52. Qd5 Kh6 1-0

[Event "International Tournament "]
[Site "Pool "]
[Date "2022.07.08"]
[Round "1.54"]
[White "Kadam, Om Manish"]
[Black "Martic, Ivan"]
[Result "1-0"]
[WhiteElo "2037"]
[BlackElo "2300"]
[PlyCount "69"]
[EventDate "2022.07.08"]

1. e4 c5 2. Nf3 Nc6 3. d4 cxd4 4. Nxd4 Nf6 5. Nc3 d6 6. g3 g6 7. Bg2 Nxd4 8.
Qxd4 Bg7 9. O-O O-O 10. Qd3 Be6 11. Nd5 b5 12. Qxb5 Rb8 13. Qa6 Nxd5 14. exd5
Bd7 15. Qxa7 Bxb2 16. Bxb2 Rxb2 17. c4 Rb4 18. a4 Qc8 19. Rfc1 Rb7 20. Qe3 Re8
21. c5 dxc5 22. Rxc5 Qb8 23. a5 Rb1+ 24. Rc1 Rb3 25. Qc5 Qe5 26. Qc7 Qf5 27. a6
Rc8 28. Qf4 Ra8 29. Qxf5 Bxf5 30. a7 Rb7 31. d6 Raxa7 32. Bxb7 Rxb7 33. Rc7 Rb2
34. d7 Rd2 35. Ra8+ 1-0

[Event "International Tournament "]
[Site "Pool "]
[Date "2022.07.08"]
[Round "1.55"]
[White "Ristic, Nenad"]
[Black "Farkas, Sandor I"]
[Result "1-0"]
[WhiteElo "2293"]
[BlackElo "2034"]
[PlyCount "41"]
[EventDate "2022.07.08"]

1. e4 c5 2. Nf3 d6 3. Bb5+ Nd7 4. O-O a6 5. Bxd7+ Bxd7 6. c3 g6 7. d4 Bg7 8.
Re1 cxd4 9. cxd4 e5 10. Nc3 Ne7 11. dxe5 dxe5 12. Qb3 Nc6 13. Bg5 Qb8 14. Nd5
Be6 15. Qa3 f5 16. Rac1 Bf8 17. Qa4 f4 18. Rxc6 bxc6 19. Qxc6+ Kf7 20. Nc7 Qc8
21. Nxe5+ 1-0

[Event "International Tournament "]
[Site "Pool "]
[Date "2022.07.08"]
[Round "1.56"]
[White "Csernyik, Mark"]
[Black "Milosevic, Milos"]
[Result "0-1"]
[WhiteElo "2022"]
[BlackElo "2288"]
[PlyCount "68"]
[EventDate "2022.07.08"]

1. e4 c5 2. Nf3 d6 3. d4 cxd4 4. Nxd4 Nf6 5. Nc3 a6 6. f3 e5 7. Nb3 Be6 8. Be3
Nbd7 9. Qd2 b5 10. O-O-O h5 11. Nd5 Bxd5 12. exd5 Nb6 13. Bxb6 Qxb6 14. Qa5 Qb7
15. Bd3 Be7 16. h3 h4 17. Kb1 Kf8 18. Be4 g6 19. a3 Bd8 20. Qb4 Qb6 21. a4 bxa4
22. Qxa4 Kg7 23. Rd3 Rc8 24. Nd2 Nh5 25. Nc4 Qc7 26. Rc3 Qa7 27. Nxd6 Rxc3 28.
Nb5 Rc4 29. Nxa7 Rxa4 30. Nc6 Rc4 31. b3 Rc5 32. c4 a5 33. Kb2 Nf4 34. Nxe5 Bf6
0-1

[Event "International Tournament "]
[Site "Pool "]
[Date "2022.07.08"]
[Round "1.57"]
[White "Han, Yichen"]
[Black "Koudounis, Vasileios"]
[Result "1-0"]
[WhiteElo "2286"]
[BlackElo "2018"]
[PlyCount "71"]
[EventDate "2022.07.08"]

1. e4 c5 2. Nf3 e6 3. d4 cxd4 4. Nxd4 Nc6 5. Nc3 Qc7 6. Be3 a6 7. Qf3 Nf6 8.
O-O-O h5 9. Nxc6 dxc6 10. h3 b5 11. e5 Nd5 12. Bf4 Qa5 13. Bd3 b4 14. Nxd5 cxd5
15. Kb1 Bd7 16. Bg5 Bb5 17. Qg3 Rc8 18. f4 Bc4 19. Bxc4 Rxc4 20. f5 Qb6 21.
Rhf1 Re4 22. Qf3 Rxe5 23. Qg3 f6 24. Bc1 Kf7 25. Qg6+ Kg8 26. g4 hxg4 27. hxg4
Re2 28. g5 exf5 29. Rxf5 Rg2 30. Rfxd5 Rhh2 31. Rd7 Qc5 32. Qf7+ Kh7 33. Rc7
Qe5 34. Rc8 Bd6 35. g6+ Rxg6 36. Qg8# 1-0

[Event "International Tournament "]
[Site "Pool "]
[Date "2022.07.08"]
[Round "1.58"]
[White "Gkavardinas, Antonios"]
[Black "Stankovic, Boris"]
[Result "1-0"]
[WhiteElo "2010"]
[BlackElo "2286"]
[PlyCount "87"]
[EventDate "2022.07.08"]

1. e4 c5 2. Nf3 Nc6 3. Bb5 e6 4. O-O Nge7 5. d4 cxd4 6. Nxd4 Qb6 7. Nxc6 bxc6
8. Be2 Ng6 9. c4 e5 10. Nc3 Be7 11. Qc2 O-O 12. Be3 Qc7 13. c5 Nf4 14. Bc4 Ne6
15. Na4 Qd8 16. Qc3 Bg5 17. Rad1 Bxe3 18. fxe3 Qg5 19. Rf3 Qg4 20. Qd3 Ng5 21.
Rg3 Qh4 22. Nc3 h6 23. Rf1 d6 24. Qxd6 Be6 25. Bxe6 fxe6 26. Rxf8+ Rxf8 27.
Qxc6 Qh5 28. Qd7 Qg6 29. Qd1 Qf7 30. Qe2 Qb7 31. h4 Nxe4 32. Nxe4 Qxe4 33. Qg4
Qxg4 34. Rxg4 Rb8 35. b4 Kf7 36. a3 h5 37. Rc4 Ke7 38. Kf2 Kd7 39. Re4 Rf8+ 40.
Ke2 Rf5 41. g4 hxg4 42. Rxg4 Kc6 43. Kd3 a5 44. Kc4 1-0

[Event "International Tournament "]
[Site "Pool "]
[Date "2022.07.08"]
[Round "1.59"]
[White "Vafiadis, Kleanthis"]
[Black "Gusev, Mikhail"]
[Result "0-1"]
[WhiteElo "2286"]
[BlackElo "2010"]
[PlyCount "94"]
[EventDate "2022.07.08"]

1. g3 c5 2. Bg2 d5 3. Nf3 Nf6 4. O-O g6 5. d3 Bg7 6. Nc3 O-O 7. Bg5 h6 8. Bxf6
Bxf6 9. Nd2 e6 10. e4 d4 11. Ne2 Nc6 12. f4 Ne7 13. Nc4 Bg7 14. a4 Rb8 15. a5
b5 16. axb6 axb6 17. Qd2 Bd7 18. Rfb1 Bb5 19. Na3 Bc6 20. b4 f5 21. b5 Bb7 22.
e5 Bxg2 23. Kxg2 Ra8 24. Nc4 Nd5 25. c3 dxc3 26. Nxc3 g5 27. Rxa8 Qxa8 28. Nxd5
Qxd5+ 29. Kf2 Qd4+ 30. Qe3 Qc3 31. Rc1 Qb3 32. Nd6 Ra8 33. Re1 Ra3 34. Re2 Qd5
35. Qf3 Qxf3+ 36. Kxf3 Rxd3+ 37. Re3 Rd2 38. Re2 Rd3+ 39. Re3 Rd2 40. Ra3 g4+
41. Ke3 Rxh2 42. Ra6 Rg2 43. Rxb6 Rxg3+ 44. Ke2 Rf3 45. Rb8+ Kh7 46. b6 Rxf4
47. b7 Rb4 0-1

[Event "International Tournament "]
[Site "Pool "]
[Date "2022.07.08"]
[Round "1.60"]
[White "Gordon, Evgeny"]
[Black "Arpita, Mukherjee"]
[Result "0-1"]
[WhiteElo "2009"]
[BlackElo "2281"]
[PlyCount "81"]
[EventDate "2022.07.08"]

1. d4 Nf6 2. Nf3 g6 3. Nbd2 d5 4. e3 Bg7 5. b4 a5 6. b5 c5 7. bxc6 bxc6 8. c4
O-O 9. Bb2 Nbd7 10. Rc1 Ba6 11. Be2 c5 12. O-O Rc8 13. cxd5 Bxe2 14. Qxe2 Nxd5
15. Nc4 cxd4 16. Bxd4 Bxd4 17. Nxd4 Nc5 18. Nb5 Nb4 19. Rfd1 Ncd3 20. Rc3 Qe8
21. a4 Nc5 22. Nxa5 Nxa4 23. Rxc8 Qxc8 24. Qc4 Nb2 25. Qxc8 Rxc8 26. Ra1 N4d3
27. Nd4 Rc3 28. f4 Nc1 29. Nac6 e6 30. Ne5 Ncd3 31. Nxd3 Rxd3 32. Kf2 Nc4 33.
Re1 Nxe3 34. Rxe3 Rxd4 35. Kf3 h5 36. g3 Kg7 37. Ra3 Rd2 38. h4 Kf6 39. Rb3 Kf5
40. Re3 f6 41. Ra3 0-1

[Event "International Tournament"]
[Site "Pool "]
[Date "2022.07.08"]
[Round "1.62"]
[White "Niharika, Ch"]
[Black "Antova, Gabriela"]
[Result "0-1"]
[WhiteElo "1988"]
[BlackElo "2275"]
[PlyCount "82"]
[EventDate "2022.07.08"]

1. e4 c5 2. Nf3 d6 3. d4 cxd4 4. Nxd4 Nf6 5. Nc3 a6 6. Be2 e6 7. Be3 Be7 8. O-O
Qc7 9. f4 O-O 10. Bf3 Nc6 11. Kh1 Re8 12. Nb3 b5 13. a3 Bb7 14. Qe1 Rac8 15.
Rd1 Nd7 16. Qf2 Bf8 17. Rd2 Na5 18. Nxa5 Qxa5 19. e5 Bxf3 20. gxf3 d5 21. f5 b4
22. axb4 Qxb4 23. Rg1 Qxb2 24. fxe6 fxe6 25. Ne4 Qxe5 26. Bd4 Qf4 27. Rg4 Qc7
28. Ng3 e5 29. Bb2 Nf6 30. Ra4 Rb8 31. c4 Qc6 32. Ra1 Qxc4 33. Rc2 Qb5 34. Re1
d4 35. Ba1 Qd5 36. Qg2 Rb3 37. Ne4 Nxe4 38. fxe4 Qb7 39. Rf2 Rb1 40. Rxf8+ Rxf8
41. Qa2+ Rb3 0-1

[Event "International Tournament"]
[Site "Pool "]
[Date "2022.07.08"]
[Round "1.63"]
[White "Nurmanova, Alua"]
[Black "Vujcic, Milena"]
[Result "0-1"]
[WhiteElo "2275"]
[BlackElo "1987"]
[PlyCount "84"]
[EventDate "2022.07.08"]

1. e4 e5 2. Nf3 Nc6 3. Bc4 Bc5 4. c3 Nf6 5. d3 d6 6. O-O O-O 7. Re1 Bb6 8. a4
a6 9. Nbd2 Ne7 10. Nf1 Ng6 11. Ng3 h6 12. Bb3 c6 13. h3 d5 14. exd5 Nxd5 15. d4
exd4 16. Nxd4 Be6 17. Ne4 Qh4 18. Nf3 Qd8 19. Bc2 Nh4 20. Nxh4 Qxh4 21. Qf3
Rae8 22. a5 Bc7 23. b3 f5 24. Nc5 Bc8 25. Bd2 Rxe1+ 26. Bxe1 g5 27. Ra4 g4 28.
Qe2 Qf6 29. Nd3 Nxc3 30. Bxc3 Qxc3 31. Nf4 Bd7 32. Qd1 Rf7 33. Bd3 Re7 34. Ne2
Qe5 35. g3 c5 36. Rf4 Qf6 37. hxg4 Bxf4 38. Nxf4 Qc3 39. Bc4+ Kh7 40. Qd6 Qe1+
41. Kg2 Bc6+ 42. f3 Bxf3+ 0-1

[Event "International Tournament"]
[Site "Pool "]
[Date "2022.07.08"]
[Round "1.64"]
[White "Cuzovic, Ognjen"]
[Black "Zemlyanskii, Ivan"]
[Result "0-1"]
[WhiteElo "1987"]
[BlackElo "2269"]
[PlyCount "112"]
[EventDate "2022.07.08"]

1. d4 Nf6 2. c4 e6 3. Nf3 d5 4. Bg5 dxc4 5. Nc3 a6 6. a4 Nc6 7. e3 Na5 8. Ne5
Bb4 9. Nxc4 Qd5 10. Bxf6 Nxc4 11. Qe2 Nxe3 12. Bxg7 Bxc3+ 13. bxc3 Nxg2+ 14.
Bxg2 Qxg2 15. Bxh8 Qxh1+ 16. Qf1 Qf3 17. Kd2 Qf4+ 18. Kc2 Qf5+ 19. Kb2 Bd7 20.
Qg2 O-O-O 21. Be5 f6 22. Bg3 Bc6 23. Qf1 e5 24. Qc4 exd4 25. cxd4 Qd7 26. Re1
Kb8 27. a5 Rf8 28. Qc5 Re8 29. Rxe8+ Qxe8 30. Qc4 Qe1 31. Qc3 Qe2+ 32. Kb1 Kc8
33. Kc1 Qe4 34. Kd2 Kd7 35. Qd3 Qxd3+ 36. Kxd3 b6 37. axb6 cxb6 38. Kc4 Bf3 39.
d5 Be2+ 40. Kc3 a5 41. d6 Bg4 42. Kc4 Kc6 43. Bf4 Be6+ 44. Kc3 b5 45. Kc2 b4
46. Kb2 Kb5 47. Bh6 a4 48. Bg7 a3+ 49. Ka1 f5 50. f4 b3 51. Kb1 Bd7 52. Bf8 Ka4
53. Bg7 Bc6 54. Be5 b2 55. Bxb2 axb2 56. Kxb2 Kb4 0-1